Dieťa z Lomničky

Bibliographic Details
Main Author: (r) (Author)
Format: Article
Language:Slovak
Subjects:

MARC

LEADER 00000nab a2200000 a 4500
001 vtls001028311
003 SK-MaSNL
005 20260303035957.0
008 040720e20010104xo 0 slo
035 |a SL6865 
040 |a SLLK  |b slo  |c SLLK  |e AACR2 
041 0 |a slo 
044 |a xo  |c SK 
080 |a 312.1  |2 1981 
100 0 |a (r)  |4 aut  |9 636179 
245 1 0 |a Dieťa z Lomničky 
518 |a 01.01.2001 
650 0 7 |a novorodenci  |2 SLLK  |9 1225 
650 0 7 |a informácie  |2 SLLK  |9 1285 
651 7 |a Lomnička (Slovensko)  |2 SLLK  |9 55644 
651 7 |a SL,  |2 SLLK  |9 1022390 
655 7 |a periodikum  |2 snkbucl  |9 29553 
773 0 8 |t Ľubovnianske noviny  |g Roč. 27, č.1, 4.1.2001, s. 1 
852 |a ZVYKNI  |b KIS3GCP 
999 |c 1679726  |d 1681656